Les débuts de l'humanité - 6ème - Statistiques

Statistiques générales
  • Ce quiz a été pris 71 fois
  • Le résultat moyen est 6 sur 10
Statistiques - réponses
Question Réponse % Correct
Comment appelle t-on le mode de vie des hommes préhistoriques qui était de se déplacer fréquemment sans établir de domicile fixe. Nomade
98%
Comment Homo Sapiens a t-il réussi à coloniser l'Amérique et l'Océanie ? En passant par des terres pas encore recouvertes par la mer
77%
Quel nom a t-on donné au premier fossile de l'espèce humaine ? Toumaï
73%
Quelles espèces humaines se sont probablement rencontrées ? Homme de Néandertal - Homo Sapiens
71%
Quand les Homo Sapiens arrivent-ils en Europe ? - 40 000 ans
62%
De quelle époque date le premier fossile lié à l'espèce humaine ? 7 millions d'années
60%
Quel espèce humaine a été la première a construire et utiliser des outils ? Homo Habilis
60%
Que signifie le terme de Paléolithique ? L'époque de la pierre ancienne
50%
Quel animal ne retrouve t-on pas sur les dessins de la grotte de Lascaux ? Mammouths
37%
Quel outil n'est pas inventé par les hommes préhistoriques ? Le sifflet
29%
Aucun quiz correspondant
Distribution des résultats
% des personnes avec chaque résultat
Percentile par nombre de réponses
Votre historique - résultats
Vous n’avez pas pris ce quiz